000 00730nam a2200253 a 4500
999 _c5956
_d5956
001 5956
003 BD-JhCC
005 20180101181221.0
008 171231s1969 nyu bp 000 0 eng d
035 _a(BD-JhCC)5956
040 _aBD-JhCC
_cDLC
_dBD-JhCC
041 _aeng
050 0 0 _aLB1050
_b.H3
082 0 0 _a428.4/3/077
_bHAR 1969
100 1 _aHarnadek, Anita E.
245 1 0 _aCritical reading improvement :
_ba program for self-instruction /
_c[by] Anita E. Harnadek.
260 _aNew York,
_bMcGraw-Hill
_c[1969]
300 _a205 p.
_c23 cm.
500 _a"McGraw-Hill basic skills system."
504 _aBibliography: p. 205.
650 0 _aReading
_xProgrammed instruction.
942 _2ddc
_cBK